00382 a2200097 4500001001000000005001700010008004100027245008800068100002400156773010400180ART_4973720260410161936.0260409a 10aLa expansión poblacional y el crecimiento económico en el mundo subdesarrollado1 aLuzzetti, Carlos A.0 tAnales de la Academia Nacional de Ciencias Económicasg- Vol. XXXVI, (1991) (ene. 1993)wREV25596